01293nem a2200253 u 450000500170000000800410001704000250005804100080008304400070009109000140009811000610011224500900017326000390026330000350030250003050033765000510064265000550069365000600074865000640080871000150087294200120088799900170089995201230091620160523091200.0160523b1995 -ck||||| |b|| 00| 0 spa d aCO-BoIAVHcCO-BoIAVH aspa ack aMC-b03602 aBanco internacional de Reconstrucción y Fomento9699471 aEco-regiones de America Latina y el Caribe :cBanco Mundial.h[Material Cartografico] aBogotá :bBanco Mundial ;c1995. a1 mapa :bcolor ;c91 x 61 cm. aEste mapa se desarrollo para la siguiente publicación. Dinerstein E., D.M. Olson, D.J. Graham, A.L. Webster, S.A Primm, M.P. Bookbinder, y G. Lecdec. 1995. Una Evaluación del estado de conservación de las eco-regiones terrestres de América latina y el Caribe. Banco Mundial. Washington, D.C.16aBosqueszMexicozAmerica centalzCaribe96994816aPastizales zMexicozAmerica centalzCaribe96994916aBosques HumedoszCaribezAmerica centalz Mexico96995016aBosques Tropicales.zCaribezAmerica centalz Mexico9699512 aWWF953177 2zcMapa c18735d18735 00102z40708CARTOGRAFIaBogotabBogotad2016-05-23l0oMC-0360p040378r2016-05-23 00:00:00tEj.1w2016-05-23yMapa